Poesía y prosa literaria / (Record no. 188914)
[ view plain ]
| 000 -LEADER | |
|---|---|
| campo de control de longitud fija | 01047nam a2200277 i 4500 |
| 001 - NÚMERO DE CONTROL | |
| campo de control | 188914 |
| 003 - IDENTIFICADOR DE NÚMERO DE CONTROL | |
| campo de control | SpMaBN |
| 005 - FECHA Y HORA DE LA ÚLTIMA TRANSACCIÓN | |
| campo de control | 20240523063055.0 |
| 008 - DATOS DE LONGITUD FIJA--INFORMACIÓN GENERAL | |
| campo de control de longitud fija | 190226s2004 sp |||| |dspa d |
| 020 ## - NÚMERO INTERNACIONAL ESTÁNDAR DEL LIBRO | |
| Número Internacional Estándar del Libro | 84-8109-391-2 Galaxia Gutenberg |
| 020 ## - NÚMERO INTERNACIONAL ESTÁNDAR DEL LIBRO | |
| Número Internacional Estándar del Libro | 84-672-0941-0 Círculo de Lectores |
| 080 ## - NÚMERO DE LA CLASIFICACIÓN DECIMAL UNIVERSAL | |
| Número de la Clasificación Decimal Universal | 821.133.1-82"18" |
| 100 0# - ENTRADA PRINCIPAL--NOMBRE DE PERSONA | |
| Nombre de persona | Nerval, Gérard de, |
| Fechas asociadas al nombre | 1808-1855 |
| 9 (RLIN) | 85401 |
| 245 10 - MENCIÓN DEL TÍTULO | |
| Título | Poesía y prosa literaria / |
| Mención de responsabilidad, etc. | Gérard de Nerval ; traducción, prólogo y notas de Tomás Segovia. |
| 250 ## - MENCION DE EDICION | |
| Mención de edición | 1ª ed. |
| 260 ## - PUBLICACIÓN, DISTRIBUCIÓN, ETC. | |
| Lugar de publicación, distribución, etc. | Barcelona : |
| Nombre del editor, distribuidor, etc. | Galaxia Gutenberg : |
| -- | Círculo de Lectores, |
| Fecha de publicación, distribución, etc. | 2004. |
| 300 ## - DESCRIPCIÓN FÍSICA | |
| Extensión | 1181 p. ; |
| Dimensiones | 21 cm. |
| 490 1# - MENCIÓN DE SERIE | |
| Mención de serie | Opera mundi. |
| -- | Obra literaria |
| 504 ## - NOTA DE BIBLIOGRAFÍA, ETC. | |
| Nota de bibliografía, etc. | Bibliografía: p. 1169-1173. |
| 700 1# - ENTRADA AGREGADA--NOMBRE PERSONAL | |
| Nombre de persona | Segovia, Tomás, |
| Fechas asociadas al nombre | 1927-2011 |
| 9 (RLIN) | 105153 |
| 830 0# - PUNTO DE ACCESO ADICIONAL DE SERIE-TÍTULO UNIFORME | |
| Título uniforme | Opera mundi. |
| -- | Obra literaria |
| 9 (RLIN) | 225743 |
| 852 ## - LOCALIZACIÓN | |
| Ubicación | ES-MaACL |
| Número de control de estantería | A-14410 |
| itemnumber | 196048 |
| Sublocalización o colección | R.151431 |
| Ubicación en estantería | Depósito 1 |
| Signatura antigua | Olim: N-7410 |
| Donativo/Legado | Donación: Roberta Ann Quance |
| 903 ## - NOMBRE PERSONAL DE DONANTE | |
| 9 | 94482 |
| a | Quance, Roberta Ann |
| e | Donante |
| 942 ## - ELEMENTOS DE ENTRADA SECUNDARIOS (KOHA) | |
| Fuente del sistema de clasificación o colocación | Clasificación decimal universal |
| Tipo de ítem Koha | Libro impreso |
| Estatus retirado | Estado de pérdida | Fuente del sistema de clasificación o colocación | Estado de daño | No para préstamo | Biblioteca de origen | Biblioteca actual | Ubicación en estantería | Fecha de adquisición | Fuente de adquisición | Total de préstamos | Signatura topográfica completa | Código de barras | Visto por última vez | Precio de reemplazo | Tipo de ítem Koha |
|---|---|---|---|---|---|---|---|---|---|---|---|---|---|---|---|
| Clasificación decimal universal | Biblioteca del Ateneo de Madrid | Biblioteca del Ateneo de Madrid | Depósito 1 | 26/02/2019 | Donación | A-14410 | 1200063 | 23/02/2023 | 23/02/2023 | Libro impreso |
